000 00757nam a2200205Ia 4500
005 20241216011429.0
008 190429s9999||||xx |||||||||||||| ||und||
082 _a338.4791
_bF27
100 _aFABIAN OSORIO LIZVELL, POMA BERROSPI POLICARPIO
245 0 _aEL TURISMO DE AVENTURA Y SU INFLUENCIA EN EL APRENDIZAJE DE CIENCIA Y AMBIENTE EN LA II.EE. REVERENDO PADRE BARDO BAYERIE DE OXAPAMPA
250 _a0
260 _aCERRO DE PASCO-PERU
_bUNDAC
_c2006
300 _a65 pag.
_c70 cm.
341 _h0
490 _v0
_a0
505 _aPLANTEAMIENTO DEL PROBLEMA/BASES TEORICAS SOBRE TURISMO/PRESENTACION DE LA HIPOTESIS/TURISMO EN OXAPAMPA
541 _aD
_bFAVIAN OSORIO LIZVELL
_d25-Apr-07
_oSoles
650 _aEducación Primaria
942 _cTESIS
999 _c41642
_d41642